1672 1112 1410 1621 1370 1890 1874 1587 1363 1751 1416 1045 1017 1328 1360 1327 1587 1074 1696 1072 1027 1197 1823 1286 1708 1197 1454 1944 1650 1764 1688 1041 1531 1272 1811 1292 1306 1740 1273 1315 1062 1104 1755 1988 1321 1414 1844 1283 1572 1601 1900 1221 1382 1335 1987 1637 1163 1566 1789 1323 1305 1118 1193 1523 1958 1148 1016 1063 1330 1055 1049 1367 1432 1131 1486 1331 1192 1940 1853 1151 1587 1668 1669 1002 1129 1317 1750 1392 1617 1403 1979 1894 1185 1557 1296 1848 1008 1487 1246 BCNSPRNW ULIB Ver.6.0+V

เปลี่ยนเป็นภาษาไทย

Change to English
 แสดงรายละเอียดบรรณานุกรม
  กลับหน้าหลัก

Brief Record : Get Marc (ISO 2709) : E-mail record : QR code < ปิดหน้าต่าง
LEADER : 00000nam 2200000uu 4500
001    13399112432
003     ULIB
008    110815s2548||||th 000 0 tha d
020    9745347043
040    bad
050  4 HM251^bส722จ 2548
100 0  สิทธิโชค วรานุสันติกูล
245 10 จิตวิทยาสังคม :^bทฤษฏีและการประยุกต์ = Social psychology:^btheories and applications /^cสิทธิโชค วรานุสันติกูล
246 31 Social psychology: theories and applications
260    กรุงเทพฯ :^bซีเอ็ดยูเคชั่น,^c2548
300    346 หน้า ;^c26 ซม.
650  7 จิตวิทยาสังคม
945    ^p220^l0^i020065
945    ^p220^l0^i023088
945    ^p220^l0^i023089
945    ^p220^l0^i023090
995    ทศพร
999 ^a ทศพร
รายการนี้ยังไม่มีแท็ก
คุณยังไม่ได้ล็อกอิน คุณสามารถมีกิจกรรมร่วมกับเว็บไซต์ได้ แต่ต้องล็อกอินก่อน ::
  ล็อกอิน

รายการสื่อสารสนเทศ

ลำดับที่ ประเภท เลขเรียก/บาร์โค้ด สถานที่ สถานะ
- ไม่พบข้อมูล -

รายการใกล้เคียง
    ผู้แต่ง [สิทธิโชค วรานุสันติกูล]

    หัวเรื่อง [จิตวิทยาสังคม]

BibComment


ยังไม่เคยถูกคอมเมนท์

คอมเมนท์ทรัพยากรรายการนี้
  คอมเมนท์: จิตวิทยาสังคม ทฤ..


 Copyright 2026. Bcnsprnw @Library